000 01073nam1a22002651i 4500
001 rc\3680453
005 20240921115003.0
021 _aRU
_b70-68783
021 _aRU
_bРг5678-71
021 _aRU
_b70-77318
035 _a(NLR Aleph) 007750912
090 _a7262857
_c7262857
100 _a20130115d1970 |||y0rusy50 ca
101 0 _arus
102 _aRU
105 _ay z |||||
200 1 _aМетодика определения потребности в материальных ресурсах по физическим объемам работ с применением ЭВМ
_e[В 7 ч.]
_eЧ. 5-
_fУССР. М-во строительства предприятий тяжелой индустрии. Гл. техн. упр. Трест "Доноргтехстрой"
210 _aДонецк
_cБ. и.
_d1970
215 _d21
712 0 2 _4570
_a"Доноргтехстрой", трест
_cДонецк
_9771083
_3RU\NLR\AUTH\880552395
801 0 _aRU
_bNLR
_gpsbo
801 1 _aRU
_bELAR
_2rusmarc
852 _aNLR
_j71-3/206
942 _cBOOK